Statistics for AP Human Geo Unit 1 Terms

Click here to take the quiz!

General Stats

  • This quiz has been taken 36 times
  • The average score is 10 of 50

Answer Stats

HintAnswer% Correct
Exact location on EarthAbsolute
61%
Study of where and why human activities are locatedHuman Geography
55%
Science of mapmakingCartography
42%
Projection that maintains accurate direction, but distorts land size at the polesMercator
42%
Location in relation to other placesRelative
42%
Directions based on people's surroundingsRelative
36%
Computer system that stores and can show layers of geographic dataGIS
30%
Accurately determines the position of something on EarthGPS
30%
Projection that attempts to balance all 4 projection errorsRobinson
30%
Process by which the world is becoming increasingly interconnected as a result of increased trade and cultural exchangeGlobalization
27%
Effect where the farther an idea is from the source, the less likely it is to be adoptedDistance Decay
24%
Acquisition of data about Earth's surface via a satelliteRemote Sensing
24%
Scale at which a geographer analyzes a particular phenomenomScale of Analysis
24%
Rapid widespread diffusion of an idea throughout a populationContagious
21%
A region organized around a node or focal pointFunctional
21%
Diffusion of an idea from persons/nodes of authority to other peopleHierarchical
21%
Map where lines show equal data, for example topographic mapIsoline
21%
Data associated with cultural and regional geography because it is more descriptive of unique placesQualitative Data
21%
Data that uses mathematical techniques that are important for economic, political, and population geographyQuantitative Data
21%
Meeting the needs of the present without compromising the ability of future generations to meet theirsSustainability
21%
Map where areas are shaded in proportion to dataChoropleth
18%
Type of region in which everyone shares in common one or more distinctive characteristicsFormal
18%
Focal points of innovation and inventionHearth
18%
Materials or substances that occur in nature and can be used for economic gainNatural Resources
18%
Study of where and why natural forces occur as they doPhysical Geography
18%
A region that people believe exist as a part of their cultural identity. Defined by how people perceive itVernacular
18%
Map where size of place is scaled to fit dataCartogram
15%
Spread of an idea through physical movement of peopleRelocation
15%
Physical characteristics of a placeSite
15%
Location of a place relative to other placesSituation
15%
Diffusion of an underlying principle even though a characteristic itself fails to diffuseStimulus
15%
Frequency of which something occurs in spaceDensity
12%
Map where one point shows a particular phenomenonDot
12%
The physical environment causes social developmentEnvironmental Determinism
12%
Founder of geographyEratosthenes
12%
Projection that maintains area, but distorts shape at the polesGall-Peters
12%
Relationship of a feature's size on a map to its actual size on EarthMap Scale
12%
People have the ability to adjust to their environmentPossibilism
12%
Trait diffuses from lower class or less populated area to higher class or more populated centersReverse Hierarchical
12%
Compass direction such as North or SouthAbsolute
9%
A combination of cultural features and physical features that characterizes a regionCultural Landscape
9%
Geometric arrangement of objects in spacePattern
9%
Idea that relative distance is shrinking with increasing technologyTime-Space Convergence
9%
Extent of a features spread over spaceConcentration
6%
Spread of an idea outward from a hearthExpansion
6%
An individual's internal geographic understanding of a placeMental Map
6%
Map that shows information for a particular place, useful for navigationReference
6%
Differences that are maintained around the world no matter how much globalization occursLocal Diversity
3%
Map where size of a symbol reflects relative magnitude of dataProportional Symbol
3%
Conducts research, operates factories, and sells produces in many countriesTransnational Corporation
3%

Score Distribution

Percentile by Number Answered

Percent of People with Each Score

Your Score History

You have not taken this quiz